| 000 | 01371nam a2200289Ia 4500 | ||
|---|---|---|---|
| 999 |
_c5145 _d5145 |
||
| 003 | OSt | ||
| 005 | 20200401120210.0 | ||
| 008 | 191128s2010 ck gr 000 0 spa d | ||
| 020 | _a9789587163803 | ||
| 040 |
_aCO-JMCR _cCO-JMCR |
||
| 041 | 0 | _aspa | |
| 082 | 0 | 4 |
_a320.9861 / _bL376g _221 |
| 100 | 1 |
_aLaunay-Gama, Claire, _eeditora _92354 |
|
| 245 | 1 | 0 |
_aGobernanza y conflicto en Colombia : _binteracción entre gobernantes y gobernados en un contexto violento / _ceditores, Claire Launay-Gama y Fernán González |
| 250 | _aPrimera edición | ||
| 260 |
_aBogotá : _bPontificia Universidad Javeriana, _c2010 |
||
| 300 |
_a225 páginas ; _c24 cm. |
||
| 504 | _aIncluye bibliografía al final de cada capítulo. | ||
| 505 | 0 | _aGobernanza y legitimidades -- Gobernanza y actores no estatales -- Mejorar la gobernanza : entre modelo y realidad | |
| 520 | _aEl concepto de gobernanza se ha convertido, desde hace unos diez años, en uno de los criterios centrales de las políticas de desarrollo y de cooperación internacional, que se supone debe prover una reflexión sobre la gestión pública. | ||
| 650 | 1 | 4 |
_aGobierno _zColombia _92355 |
| 650 | 1 | 4 |
_aGobernabiblidad _zColombia _92356 |
| 650 | 1 | 4 |
_aConflicto armado _zColombia _92357 |
| 650 | 1 | 4 |
_aPolítica y gobierno _zColombia _92358 |
| 700 | 1 |
_aGonzález, Fernán, _eeditor _92359 |
|
| 942 |
_2ddc _cBK |
||